Ekonomická kriminalita v 21. storočí bakalárska práca

Na minha lista:
Detalhes bibliográficos
Autor principal: Maceková, Veronika
Autor Corporativo: Národohospodárska fakulta EU. Katedra ekonómie
Outros Autores: Vongrej, Marián
Formato: Livro
Idioma:eslovaco
Publicado em: Bratislava 2017
Tags: Adicionar Tag
Sem tags, seja o primeiro a adicionar uma tag!

MARC

LEADER 00000nbm a2200000 4500
001 0233736
005 20180306130946.6
041 0 |a slo 
044 |a SK 
245 1 0 |a Ekonomická kriminalita v 21. storočí  |b bakalárska práca  |c Veronika Maceková ; školiteľ: Marián Vongrej 
264 1 |a Bratislava  |c 2017 
300 |a 49 s. 
100 1 |a Maceková, Veronika 
700 1 |a Vongrej, Marián 
710 2 |a Národohospodárska fakulta EU. Katedra ekonómie